[Event "Mittelfranken-chT 0405"]
[Site "Germany"]
[Date "2004.12.05"]
[Round "3.3"]
[White "Fischer, Juergen"]
[Black "Zwanzger, Michael"]
[Result "0-1"]
[WhiteElo "1936"]
[BlackElo "1842"]
[PlyCount "112"]
[EventDate "2004.10.17"]
[EventType "team-tourn"]
[EventRounds "9"]
[EventCountry "GER"]
[SourceTitle "EXT 2007"]
[Source "ChessBase"]
[SourceDate "2006.11.23"]
[SourceVersion "1"]
[SourceVersionDate "2006.11.23"]
[SourceQuality "1"]

1. e4 c6 2. d4 d5 3. Nc3 dxe4 4. Nxe4 Nf6 5. Nxf6+ gxf6 6. Bf4 Bf5 7. c3 Nd7 8. Nf3 e6 9. Qd2 Be4 10. Be2 Nb6 11. c4 Bxf3 12. gxf3 Nc8 13. 0-0-0 Bd6 14. Bxd6 Qxd6 15. d5 cxd5 16. cxd5 Nb6 17. Bb5+ Ke7 18. Kb1 Nxd5 19. Rhe1 Rad8 20. Qa5 Qb6 21. Qa3+ Qd6 22. Qxa7 Qb6 23. Qa3+ Qd6 24. Qb3 Qb4 25. Qxb4+ Nxb4 26. a3 Nd5 27. Rd4 Rd6 28. Rc1 Rhd8 29. Rh4 Rh8 30. Rc5 h6 31. Ra4 Rb8 32. Ra7 Kf8 33. a4 Nb4 34. b3 Rd1+ 35. Rc1 Rd2 36. Rc4 Nc6 37. Bxc6 bxc6 38. b4 Rxf2 39. Rc7 Rxf3 40. a5 Rb3+ 41. Kc2 R3xb4 42. R4xc6 Ra8 43. Rb6 Ra4 44. Rbb7 Kg7 45. Rxf7+ Kg6 46. Rg7+ Kf5 47. Rh7 R8xa5 48. Rxh6 Ra6 49. Rg7 e5 50. Rh5+ Ke6 51. Rh6 Rf4 52. Kd3 Ra3+ 53. Ke2 Rb4 54. Rc7 Rb2+ 55. Kd1 Rg2 56. Rc2 Ra1+ 0-1

[Event "Mittelfranken-chT 0405"]
[Site "Germany"]
[Date "2004.10.17"]
[Round "1.3"]
[White "Endres, Christian"]
[Black "Zwanzger, Michael"]
[Result "1-0"]
[WhiteElo "1675"]
[BlackElo "1845"]
[PlyCount "41"]
[EventDate "2004.10.17"]
[EventType "team-tourn"]
[EventRounds "9"]
[EventCountry "GER"]
[SourceTitle "EXT 2007"]
[Source "ChessBase"]
[SourceDate "2006.11.23"]
[SourceVersion "1"]
[SourceVersionDate "2006.11.23"]
[SourceQuality "1"]

1. Nf3 Nf6 2. c4 c6 3. g3 d5 4. b3 Bf5 5. d3 e6 6. Bg2 Bd6 7. Bb2 Nbd7 8. 0-0 0-0 9. h3 h6 10. cxd5 exd5 11. e4 dxe4 12. dxe4 Nxe4 13. Nh4 Nxg3 14. fxg3 Bc5+ 15. Kh2 Bh7 16. Qg4 f6 17. b4 Bb6 18. Rd1 Rf7 19. Bf1 Re7 20. Bxf6 Qf8 21. Bxe7 1-0